01299nas a2200361 4500001001300000003000900013005001700022007000300039008003400042040005400076041000900130072000800139100002000147100001800167100001900185100001800204100002300222100001700245100001800262245016500280650000900445650001900454650001700473650001900490650001700509650002300526773011600549856004800665909004000713942001800753999001900771952014700790BR2015005938BR-BrBNA20231205125817.0ta230509b bl.|||p| |||| 00| 00por d aBR-BrBNAbporcBiblioteca Nacional de Agricultura a(En) aF601 aMartins, S.C.V.1 aDetmann, K.C.1 aReis, J.V. dos1 aPereira, L.F.1 aSanglard, L.M.V.P.1 aRogalski, M.1 aDaMatta, F.M.1 aPhotosynthetic induction and activity of enzymes related to carbon metabolism: insights into the varying net photosynthesis rates of coffee sun and shade leaves aCAFE aCOFFEA ARABICA aFOTOSSINTESE aANALISE FOLIAR aSOMBREAMENTO aPLANTA PARA SOMBRA0 tTheoretical and Experimental Plant Physiology (Brazil)xISSN 2197-0025g(2013), v. 25(1) p. 62-69wBR201500593840uhttp://www.scielo.br/pdf/txpp/v25n1/a08.pdf a202311bLúciac55dLúcia Elande 2AGRISn0cANA c246271d246271 002AGRIS4071a41918b41918cPeriódicos Agrícolash(2013), v. 25(1) p. 62-69l0r2023-11-29t01yCRePortaria Interministerial nº 164/94